Top ten Batman artists according to IGN (slideshow) Quiz Stats

 Plays Quiz not verified by Sporcle

Score 0/10 Timer 07:00
0 Plays Today
% Correct
Jim Lee
91.5%
Frank Miller
88.1%
Neal Adams
81.4%
David Mazzucchelli
56.8%
Greg Capullo
54.2%
Kelley Jones
50%
Norm Breyfogle
50%
Dick Sprang
47.5%
Carmine Infantino
44.9%
Mike Parobeck
27.1%

You're not logged in!

Compare scores with friends on all Sporcle quizzes.
OR
Log In

You Might Also Like...

Show Comments

Extras

Top Quizzes Today


Score Distribution

Your Account Isn't Verified!

In order to create a playlist on Sporcle, you need to verify the email address you used during registration. Go to your Sporcle Settings to finish the process.

Report this User

Report this user for behavior that violates our Community Guidelines.

Details: